ਸਰਗਮ : (Record no. 109731)

MARC details
000 -LEADER
fixed length control field 00956nam a22002537a 4500
005 - DATE AND TIME OF LATEST TRANSACTION
control field 20170123164142.0
010 ## - LIBRARY OF CONGRESS CONTROL NUMBER
LC control number A-823997
020 ## - INTERNATIONAL STANDARD BOOK NUMBER
Terms of availability 150.00
035 ## - SYSTEM CONTROL NUMBER
System control number A-823997
037 ## - SOURCE OF ACQUISITION
Source of stock number/acquisition Cen Lib / Ret
040 ## - CATALOGING SOURCE
Original cataloging agency DPL
Language of cataloging PN
082 ## - DEWEY DECIMAL CLASSIFICATION NUMBER
Classification number
Item number ਸਹਿਗ
100 ## - MAIN ENTRY--PERSONAL NAME
Personal name ਸਹਿਗਲ , ਗੁਰਮੁਖ ਸਿੰਘ
9 (RLIN) 116432
245 ## - TITLE STATEMENT
Title ਸਰਗਮ :
Statement of responsibility, etc ਗੁਰਮੁਖ ਸਿੰਘ ਸਹਿਗਲ
Remainder of title ਨਾਵਲ /
246 ## - VARYING FORM OF TITLE
Title proper/short title Sargam : novel /
Remainder of title by Gurmukh Singh Sehgal
260 ## - PUBLICATION, DISTRIBUTION, ETC. (IMPRINT)
Place of publication, distribution, etc ਦਿੱਲੀ
Name of publisher, distributor, etc ਵੇਲਵਿਸ਼ ਪਬਲਿਸ਼ਰਜ਼
Date of publication, distribution, etc 1994
270 ## - ADDRESS
Address ਪਿ ਪਿ ਮੋਰਿਯਾ ਐਨਕਲੈਵ
City ਦਿੱਲੀ
300 ## - PHYSICAL DESCRIPTION
Extent 208p.
Dimensions 21cm(Hb)
650 ## - SUBJECT ADDED ENTRY--TOPICAL TERM
Topical term or geographic name as entry element ਪੰਜਾਬੀ ਸਾਹਿਤ
9 (RLIN) 116433
650 ## - SUBJECT ADDED ENTRY--TOPICAL TERM
Topical term or geographic name as entry element ਪੰਜਾਬੀ ਸਾਹਿਤ- ਨਾਵਲ
9 (RLIN) 116434
650 ## - SUBJECT ADDED ENTRY--TOPICAL TERM
Topical term or geographic name as entry element Punjabi Literature
9 (RLIN) 781
650 ## - SUBJECT ADDED ENTRY--TOPICAL TERM
Topical term or geographic name as entry element Punjabi Literature-Novel
9 (RLIN) 1580
942 ## - ADDED ENTRY ELEMENTS (KOHA)
Source of classification or shelving scheme Dewey Decimal Classification
Koha item type Punjabi Bks
Classification part
Call number suffix ਸਹਿਗ
Holdings
Withdrawn status Lost status Damaged status Not for loan Home library Current library Date acquired Source of acquisition Cost, normal purchase price Total Checkouts Full call number Barcode Date last seen Date checked out Copy number Cost, replacement price Price effective from Koha item type
        Central Library Central Library 31/12/2015 Cen Lib/Ret 150.00 1 ਓ ਸਹਿਗ A-823997 15/12/2025 03/12/2025 1 150.00 15/09/2016 Punjabi Bks

© Delhi Public Library
Hit Counter
free hit counter